Contextual inquiry for medical device design (Record no. 31154)
[ view plain ]
| 000 -LEADER | |
|---|---|
| fixed length control field | 00932nam a2200229 a 4500 |
| 008 - FIXED-LENGTH DATA ELEMENTS--GENERAL INFORMATION | |
| fixed length control field | 170526s2015 ||||||||||||||||| || u |
| 020 ## - INTERNATIONAL STANDARD BOOK NUMBER | |
| International Standard Book Number | 9780128018521 |
| 020 ## - INTERNATIONAL STANDARD BOOK NUMBER | |
| International Standard Book Number | 0128018526 |
| 050 ## - LIBRARY OF CONGRESS CALL NUMBER | |
| Classification number | R 856 Pri |
| 100 ## - MAIN ENTRY--PERSONAL NAME | |
| Personal name | Privitera, Mary Beth |
| 245 10 - TITLE STATEMENT | |
| Title | Contextual inquiry for medical device design |
| Statement of responsibility, etc. | Mary Beth Privitera |
| Medium | [unmediated] |
| 250 ## - EDITION STATEMENT | |
| Edition statement | First edition. |
| 260 ## - PUBLICATION, DISTRIBUTION, ETC. | |
| Place of publication, distribution, etc. | Amsterdam: |
| Name of publisher, distributor, etc. | Academic Press/Elsevier |
| Date of publication, distribution, etc. | 2015 |
| 300 ## - PHYSICAL DESCRIPTION | |
| Extent | xxii, 284 pages : illustrations ; 24 cm. |
| 350 ## - | |
| -- | 79.70 |
| 500 ## - GENERAL NOTE | |
| General note | Includes bibliographical references and index. |
| 650 #3 - SUBJECT ADDED ENTRY--TOPICAL TERM | |
| Topical term or geographic name entry element | EQUIPMENT DESIGN |
| 650 #0 - SUBJECT ADDED ENTRY--TOPICAL TERM | |
| Topical term or geographic name entry element | Context effects (Psychology) |
| 650 #3 - SUBJECT ADDED ENTRY--TOPICAL TERM | |
| Topical term or geographic name entry element | DATA COLLECTION |
| 650 ## - SUBJECT ADDED ENTRY--TOPICAL TERM | |
| Topical term or geographic name entry element | MEDICAL INSTRUMENTS AND APPARATUS--DESIGN AND CONSTRUCTION |
| 995 ## - | |
| -- | MICHAEL CHILUFYA SATA OPEN ACCESS |
| -- | 904047 |
| -- | CBU-SCHOOL OF MEDICINE LIBRARY (Ndola) |
| -- | 79.70 |
| -- | R 856 Pri |
| -- | 1 |
| -- | AVAILABLE |
| -- | May 26, 2017 |
| -- | 904047 |
| -- | Medical Library Open Access Collection |
| 999 ## - | |
| -- | 31154 |
| -- | 31154 |
| Withdrawn status | Lost status | Source of classification or shelving scheme | Damaged status | Not for loan | Permanent Location | Current Location | Shelving location | Date acquired | Total Checkouts | Full call number | Barcode | Date last seen | Price effective from | Koha item type |
|---|---|---|---|---|---|---|---|---|---|---|---|---|---|---|
| CBU-SCHOOL OF MEDICINE LIBRARY, NDOLA. | CBU-SCHOOL OF MEDICINE LIBRARY, NDOLA. | 11/30/2022 | R 856 Pri | 904047 | 11/30/2022 | 11/30/2022 | MONOGRAPH |